Democracia y polarización: el problema de la eficiencia

Na minha lista:
Detalhes bibliográficos
Formato: Texto
Assuntos:
Tags: Adicionar Tag
Sem tags, seja o primeiro a adicionar uma tag!

MARC

LEADER 00000 a a2200000 04500
001 6851
003
040
245 |a Democracia y polarización:   |b el problema de la eficiencia  
650 |a DEMOCRACIA  
650 |a SISTEMAS POLITICOS  
650 |a POLITICA  
650 |a EL SALVADOR  
773 |g volumen 28, número 1255; páginas 12-13  
999 |c 25683  |d 25683